000 00373nam a22001337a 4500
003 SGT
020 _a8121606748
082 _a200
_bJ97H
100 _aहन्ह, त्रिक न्यात
245 _aजहं जहं चरन परे गौतम के
260 _bहिन्द पॉकेट बुक
_c1997
300 _a540
942 _2ddc
_cBK
999 _c31783
_d31783